00578nam a2200157 a 450000500170000000800410001702000180005805000240007624500600010026000470016030000100020744000400021765000270025799900190028495201170030320140412111312.0000830s19uu xx 00 eng d a0-8094-7335-6 aTR(GS 030bC54 1996 aA Child's first library of learning :bactivity book 2. aHong Kong :bTime Life Books, Asia,c1996. a24 p. aA Child's First Library of Learning aScience, activity book c104058d104058 00104050aELbELcTRd2000-08-30eLib. Fundl0oTR(GS 030 C54 1996pE6326r2014-04-12 00:00:00w2014-04-12yBK